00969nam a2200265Ia 4500008004100000020001800041100001700059245004900076245003700125260001500162260002000177260000900197300002600206300002700232300001100259440002600270500021100296650001500507650001300522650002500535650002500560700000800585999001900593952009100612160803s9999 xx 000 0 und d a9780590222952 aCole, Joanna 4aThe magic school bus gets baked in a cake :  ba book about kitchen chemistry / aNew York : bScholastic Inc. c1995 a1 volume (unpaged) :  bcolor illustrations ;  c21 cm. aThe Magic school bus. a"Based on the episode from the animated TV series produced by Scholastic Productions, Inc. Based on the Magic school bus book series written by Joanna Cole and illustrated by Bruce Degen"--Title page verso. aBaking --  aCake --  xJuvenile literature. xJuvenile literature. a510 c299038d299038 001040aSSISBbSSISBcLEXd2016-08-03l0pSC-964r2016-08-03 00:00:00w2016-08-03yBK